[Event "Olympiad-45"]
[Site "Budapest"]
[Date "2024.09.21"]
[Round "10.1"]
[White "Neiksans, Arturs"]
[Black "Murphy, Conor E"]
[Result "1-0"]
[WhiteElo "2571"]
[BlackElo "2453"]
[PlyCount "109"]
[EventDate "2024.09.11"]
[EventType "team-swiss"]
[EventRounds "11"]
[EventCountry "HUN"]
[SourceTitle "EXT 2025"]
[Source "ChessBase"]
[SourceDate "2024.10.14"]
[SourceVersion "1"]
[SourceVersionDate "2024.10.14"]
[SourceQuality "1"]
[WhiteTeam "Latvia"]
[BlackTeam "Ireland"]
[WhiteTeamCountry "LAT"]
[BlackTeamCountry "IRL"]

1. c4 e5 2. g3 d5 3. cxd5 Qxd5 4. Nf3 Nc6 5. Nc3 Qd8 6. Bg2 Nf6 7. 0-0 h6 8. d3 Bd6 9. b3 0-0 10. Bb2 Re8 11. Rc1 Bf5 12. Nb5 Bf8 13. Na3 e4 14. dxe4 Nxe4 15. Nb5 Nd6 16. Nbd4 Nxd4 17. Nxd4 Be4 18. f3 Bf5 19. e4 Bd7 20. Qd2 c5 21. Ne2 Qb6 22. Nf4 Bc6 23. Rfd1 Rad8 24. Qf2 Nb5 25. Bf1 Rxd1 26. Rxd1 Rd8 27. Rxd8 Qxd8 28. Bc4 Qd1+ 29. Qf1 Qxf1+ 30. Kxf1 Nd6 31. Bd5 Bxd5 32. Nxd5 f6 33. Ke2 Kf7 34. Kd3 Nc8 35. a4 Ke6 36. g4 Bd6 37. f4 Ne7 38. f5+ Kd7 39. Nxe7 Bxe7 40. h4 Kc6 41. g5 hxg5 42. hxg5 b5 43. g6 Bf8 44. e5 fxe5 45. Bxe5 Kd5 46. Bc3 a6 47. Bb2 c4+ 48. bxc4+ bxc4+ 49. Ke3 Bc5+ 50. Kf3 Bf8 51. Bc3 a5 52. Bb2 Kc5 53. Ba3+ Kd4 54. Bxf8 Ke5 55. Kg4 1-0

[Event "Olympiad-45"]
[Site "Budapest"]
[Date "2024.09.19"]
[Round "8.1"]
[White "Murphy, Conor E"]
[Black "Cheng, Bobby Sky"]
[Result "1/2-1/2"]
[WhiteElo "2453"]
[BlackElo "2588"]
[PlyCount "265"]
[EventDate "2024.09.11"]
[EventType "team-swiss"]
[EventRounds "11"]
[EventCountry "HUN"]
[SourceTitle "EXT 2025"]
[Source "ChessBase"]
[SourceDate "2024.10.14"]
[SourceVersion "1"]
[SourceVersionDate "2024.10.14"]
[SourceQuality "1"]
[WhiteTeam "Ireland"]
[BlackTeam "Australia"]
[WhiteTeamCountry "IRL"]
[BlackTeamCountry "AUS"]

1. e4 c5 2. Nf3 d6 3. Bb5+ Nd7 4. 0-0 a6 5. Be2 Ngf6 6. d3 e6 7. a4 b6 8. Nfd2 Nb8 9. f4 Nc6 10. Bf3 Bb7 11. c3 Be7 12. Qe2 Qc7 13. Nc4 0-0 14. Nxd6 Qxd6 15. e5 Qc7 16. exf6 Bxf6 17. Nd2 Na5 18. Bxb7 Qxb7 19. Ne4 Be7 20. Be3 Qd7 21. Qc2 Rac8 22. Rad1 Qd5 23. Ng3 g6 24. Ne4 Nc6 25. Bc1 Rfd8 26. Nf2 Bf6 27. Ng4 Bg7 28. Ne3 Qd7 29. Nc4 Qc7 30. Qe2 b5 31. axb5 axb5 32. Nd2 Ne7 33. Ne4 Nd5 34. Kh1 Rd7 35. Qf3 Qa7 36. Rfe1 Qb6 37. Qe2 Qc6 38. Qf3 Qb6 39. Qe2 Qc7 40. Rf1 Qc6 41. Qf3 Ra7 42. c4 Nf6 43. cxb5 Qb7 44. Nd6 Qxf3 45. Rxf3 Rd8 46. Nc4 Rb7 47. b6 Nd5 48. Bd2 Ra8 49. Ba5 Bxb2 50. Rb1 Bc3 51. Bxc3 Nxc3 52. Rc1 Ra4 53. g3 Nd5 54. Kg2 Kg7 55. Rf2 Nxb6 56. Nxb6 Rxb6 57. Rxc5 Rb3 58. Rd2 Rd4 59. h4 h5 60. Kf2 Rdxd3 61. Rxd3 Rxd3 62. Ra5 Kf6 63. Rb5 Ke7 64. Ra5 Rd5 65. Ra7+ Rd7 66. Ra8 Kd6 67. Ra5 Rc7 68. Kf3 Rc3+ 69. Kf2 Rc5 70. Ra7 Rc7 71. Ra5 Ke7 72. Kf3 Kf6 73. Rb5 Ra7 74. Rb3 Rd7 75. Rb5 Rd3+ 76. Kf2 Rd5 77. Rb7 Rf5 78. Kg2 Kg7 79. Ra7 Rd5 80. Kf3 Kf8 81. Ra6 Ke7 82. Ra7+ Rd7 83. Ra6 Rb7 84. Kf2 Kf6 85. Ra5 Rb3 86. Ra7 Rb5 87. Kf3 Kg7 88. Kf2 Rc5 89. Kf3 Rf5 90. Kg2 e5 91. fxe5 Rxe5 92. Kf3 Kf6 93. Ra6+ Kf5 94. Ra7 f6 95. Ra4 Rb5 96. Ra3 Ke6 97. Re3+ Re5 98. Ra3 Rf5+ 99. Kg2 Rd5 100. Kf3 Rb5 101. Re3+ Re5 102. Ra3 Rf5+ 103. Kg2 Rd5 104. Kf3 g5 105. hxg5 fxg5 106. Ra2 Rd3+ 107. Kg2 Re3 108. Kf2 Re5 109. Kf3 Rb5 110. Kg2 Kf5 111. Kf3 Rb3+ 112. Kg2 Re3 113. Kf2 Re5 114. Kf3 Rd5 115. Rb2 Rd3+ 116. Kg2 Ke4 117. Kf2 Rf3+ 118. Kg2 Rc3 119. Kf2 g4 120. Rb4+ Kd3 121. Rb5 Rc2+ 122. Kg1 Ke4 123. Rxh5 Kf3 124. Rf5+ Kxg3 125. Rf1 Rg2+ 126. Kh1 Rf2 127. Ra1 Kh3 128. Kg1 Rg2+ 129. Kh1 Rb2 130. Kg1 g3 131. Rc1 Rg2+ 132. Kh1 Re2 133. Kg1 1/2-1/2

[Event "Olympiad-45"]
[Site "Budapest"]
[Date "2024.09.18"]
[Round "7.1"]
[White "Noboa Silva, Kevin Omar"]
[Black "Murphy, Conor E"]
[Result "1/2-1/2"]
[WhiteElo "2270"]
[BlackElo "2453"]
[PlyCount "125"]
[EventDate "2024.09.11"]
[EventType "team-swiss"]
[EventRounds "11"]
[EventCountry "HUN"]
[SourceTitle "EXT 2025"]
[Source "ChessBase"]
[SourceDate "2024.10.14"]
[SourceVersion "1"]
[SourceVersionDate "2024.10.14"]
[SourceQuality "1"]
[WhiteTeam "Ecuador"]
[BlackTeam "Ireland"]
[WhiteTeamCountry "ECU"]
[BlackTeamCountry "IRL"]

1. d4 Nf6 2. c4 e6 3. Nc3 Bb4 4. e3 d5 5. a3 Be7 6. Nf3 0-0 7. Bd3 dxc4 8. Bxc4 a6 9. 0-0 b5 10. Bd3 c5 11. dxc5 Bxc5 12. b4 Be7 13. Qe2 Bb7 14. Rd1 Nbd7 15. Bb2 h6 16. Rac1 Rc8 17. e4 Qe8 18. Qe3 Bd8 19. a4 Bb6 20. Qe2 Ng4 21. Rf1 Nde5 22. Nxe5 Nxe5 23. axb5 Nxd3 24. Qxd3 axb5 25. Nxb5 Rxc1 26. Rxc1 Bxe4 27. Qg3 f6 28. Nd6 Qg6 29. Qxg6 Bxg6 30. Nc8 Bd8 31. b5 Bd3 32. Ba3 Bxb5 33. Bxf8 Kxf8 34. Rd1 Bc7 35. Rb1 Ba6 36. Ra1 Bxc8 37. Ra8 Be5 38. Rxc8+ Kf7 39. g3 h5 40. Kg2 f5 41. Rc5 Bd4 42. Rc7+ Kf6 43. Rd7 Bc3 44. Kf3 Bb2 45. Ke3 Bc3 46. Rc7 Ba5 47. Rc6 Be1 48. Rc2 Bb4 49. Kd4 g6 50. Kc4 Bd6 51. Kb5 h4 52. Kc6 Bb8 53. Kd7 hxg3 54. hxg3 Kf7 55. Rb2 Ba7 56. Re2 e5 57. f3 Bd4 58. Kd6 Kf6 59. Kd5 Bc3 60. Kc4 Ba5 61. Kd5 Bc3 62. Re3 Bd4 63. Re2 1/2-1/2

[Event "Olympiad-45"]
[Site "Budapest"]
[Date "2024.09.12"]
[Round "2.20"]
[White "Murphy, Conor E"]
[Black "Rodshtein, Maxim"]
[Result "0-1"]
[WhiteElo "2453"]
[BlackElo "2600"]
[PlyCount "102"]
[EventDate "2024.09.11"]
[EventType "team-swiss"]
[EventRounds "11"]
[EventCountry "HUN"]
[SourceTitle "EXT 2025"]
[Source "ChessBase"]
[SourceDate "2024.10.14"]
[SourceVersion "1"]
[SourceVersionDate "2024.10.14"]
[SourceQuality "1"]
[WhiteTeam "Ireland"]
[BlackTeam "Israel"]
[WhiteTeamCountry "IRL"]
[BlackTeamCountry "ISR"]

1. e4 c5 2. Nf3 d6 3. d4 cxd4 4. Nxd4 Nf6 5. Nc3 a6 6. Rg1 e5 7. Nb3 h5 8. Bg5 Be6 9. Qd3 Nbd7 10. 0-0-0 Be7 11. g3 Rc8 12. f4 Qc7 13. Kb1 b5 14. Bxf6 Nxf6 15. Nd5 Nxd5 16. exd5 Bg4 17. Be2 Bf6 18. Rge1 Kf8 19. fxe5 Bxe5 20. Rd2 Bd7 21. Nd4 Re8 22. Bf3 g6 23. Nc6 Kg7 24. Rde2 Bf6 25. Rxe8 Rxe8 26. Rxe8 Bxe8 27. Qe3 Qc8 28. a3 Qh3 29. Qe2 Bd7 30. Ka2 Qf5 31. Nb8 Bc8 32. Nc6 h4 33. g4 Qf4 34. h3 Qg3 35. Bg2 Bg5 36. c3 Be3 37. Bf1 Qf4 38. Bg2 Bd7 39. Nb4 Bc8 40. Nd3 Qg5 41. Nb4 Qf4 42. Nd3 Qg3 43. Bf3 Bg5 44. Bg2 f5 45. gxf5 Bxf5 46. Nb4 Bxh3 47. Bxh3 Qxh3 48. Nxa6 Qc8 49. Qg2 Bf6 50. Nb4 h3 51. Qf3 h2 0-1